Μελέτη εξασφάλισης του ιατρικού απορρήτου στα πληροφοριακά συστήματα του Εθνικού Συστήματος Υγείας (Ε.Σ.Υ.)

Αποθηκεύτηκε σε:
Λεπτομέρειες βιβλιογραφικής εγγραφής
Συγγραφή απο Οργανισμό/Αρχή: ΤΕΙ Αθήνας Τμήμα Πληροφορικής
Άλλοι συγγραφείς: Γκρίτζαλης, Δημήτρης Α.
Μορφή: Βιβλίο
Γλώσσα:Greek
Δημοσίευση: Αθήνα : Εκδόσεις Νέων Τεχνολογιών, 1990.
Θέματα:
Ετικέτες: Προσθήκη ετικέτας
Δεν υπάρχουν, Καταχωρήστε ετικέτα πρώτοι!

MARC

LEADER 00000cam a2200000 i 4500
001 1/33732
008 941103s1990 gr | ||| |||| ||gre||
035 |a 1992  |c ΔΩΡΕΑ  |l 10039448 
040 |a GR-MyUA  |b gre  |e AACR2 
041 0 |a gre 
082 0 |a 005.8 
245 1 0 |a Μελέτη εξασφάλισης του ιατρικού απορρήτου στα πληροφοριακά συστήματα του Εθνικού Συστήματος Υγείας (Ε.Σ.Υ.) /   |c Επιστημονικός υπεύθυνος Δημήτρης Γκρίτζαλης.  
260 |a Αθήνα :   |b Εκδόσεις Νέων Τεχνολογιών,   |c 1990.  
300 |a 200 σ. :   |b εικ. ;   |c 24 εκ.  
650 0 0 |a Computer networks  |x Access control. 
650 0 0 |a Computer networks  |x Security measures. 
650 0 0 |a Information storage and retrieval systems  |x Security measures. 
650 0 0 |a Information storage and retrieval systems  |x Health services administration. 
700 1 |a Γκρίτζαλης, Δημήτρης Α. 
710 1 |a ΤΕΙ Αθήνας  |b Τμήμα Πληροφορικής. 
852 |a INST  |b SAMOS  |e 19941103  |h 005.8 ΜΕΛ  |p 005300002175  |q 005300002175  |t BK  |y 0 
852 |a INST  |b SAMOS  |e 19941103  |h 005.8 ΜΕΛ  |p 005300002176  |q 005300002176  |t BK  |y 0 
852 |a INST  |b SAMOS  |e 19941103  |h 005.8 ΜΕΛ  |p 005300002177  |q 005300002177  |t BK  |y 0 
909 |a Σ  |b 017280 
909 |a Σ  |b 020332 
909 |a Σ  |b 024374